Combined Song Titles: Beatles - Statistics

General Stats
  • This quiz has been taken 50 times
  • The average score is 12 of 13
Answer Stats
Partial Song Titles Missing Word % Correct
Any Time At ___ You Need Is Love All
100%
Can't Buy Me ____ Me Do Love
100%
Here Comes the ___ King Sun
100%
Get ____ In The USSR Back
98%
Love Me __ You Want To Know A Secret Do
98%
She Loves ___ Can't Do That You
98%
And I Love ___ Majesty Her
93%
Martha Me ____ Prudence Dear
91%
It Won't Be ____ Tall Sally* Long
91%
You Never Give Me Your _____ (That's What I Want)* Money
89%
Tell Me ___ Don't We Do It In The Road Why
87%
Revolution ___ After 909 One
85%
For You ____ Jay Way Blue
83%
No matching quizzes found
Score Distribution
Percent of People with Each Score
Percentile by Number Answered
Your Score History
You have not taken this quiz